Teritoriálna štruktúra zahraničného obchodu SR

Priestorovo-teritoriálne vymedzenie trhov zahraničného obchodu. Analýza vývoja v teritoriálnej štruktúre zahraničného obchodu SR. Zahraničný obchod SR podľa kontinentov a medzinárodných ekonomických zoskupení.

Salvato in:
Dettagli Bibliografici
Autore principale: Samson, Štefan
Natura: Capitolo di libro
Lingua:slovacco
Soggetti:
Tags: Aggiungi Tag
Nessun Tag, puoi essere il primo ad aggiungerne!!

MARC

LEADER 00000naa$a2200000$$$4500
001 0082976
005 20231107072542.7
041 0 |a slo 
044 |a CZ 
245 1 0 |a Teritoriálna štruktúra zahraničného obchodu SR  |c Štefan Samson 
520 |a Priestorovo-teritoriálne vymedzenie trhov zahraničného obchodu. Analýza vývoja v teritoriálnej štruktúre zahraničného obchodu SR. Zahraničný obchod SR podľa kontinentov a medzinárodných ekonomických zoskupení. 
610 2 0 |a štruktúra vývozu 
610 2 0 |a obchod zahraničný 
610 2 0 |a Slovensko 
610 2 0 |a komodity 
610 2 0 |a bilancia obchodná 
610 2 0 |a vzťahy obchodné 
100 1 |a Samson, Štefan